000 00944cac a22002657a 4500
003 CO-PeBPM
005 20251217003120.0
008 251217e |||||||| |||| 00| 0 spa d
020 _a9586230554
040 0 _aCO-PeBPM
_bspa
_cCO-PeBPM
_erda
041 0 _aspa
082 0 4 _a302.234N718m
100 _aLópez de la Roche, Maritza
_eautor
245 1 0 _aLos Niños Como Audiencias
_b; Investigación sobre recepción de medios
_cMaritza López de la Roche
250 _aPrimera Edición
260 _aBogotá, Colombia
_bDa Vinci Editores y S
300 _a449 Páginas
_c; 24.5 Cenítmetros
490 _aOrlando Fals Borda-Colección
500 _aIncluye Índice
650 1 4 _aAudiencia (Medios de comunicación de masas)
_2LEMB
650 1 4 _aMedios de comunicación de masas -- Aspectos sociales
_2LEMB
650 1 4 _aMedios de comunicación de masas y niños
_2LEMB
650 1 4 _aTelevisión y niños
_2LEMB
942 _2ddc
_cBK
_n0
999 _c107034
_d107034